[Event "FIDE Grand Swiss"]
[Site "Riga"]
[Date "2021.11.07"]
[Round "11"]
[White "Morovic Fernandez, Ivan"]
[Black "Georgiev, Kiril"]
[Result "1/2-1/2"]
[WhiteElo "2510"]
[BlackElo "2577"]
[PlyCount "82"]
[EventDate "2021.10.27"]
[EventType "swiss"]
[EventRounds "11"]
[EventCountry "LAT"]
[SourceTitle "CBM 205"]
[Source "ChessBase"]
[SourceDate "2021.12.31"]
[SourceVersion "1"]
[SourceVersionDate "2021.12.31"]
[SourceQuality "1"]

1. e4 e5 2. Nf3 Nc6 3. Bb5 Nf6 4. 0-0 Nxe4 5. Re1 Nd6 6. Nxe5 Be7 7. Bf1 Nxe5 8. Rxe5 0-0 9. Nc3 Ne8 10. Nd5 Bd6 11. Re1 c6 12. Ne3 Be7 13. Nf5 Bf6 14. Qe2 d5 15. Ne7+ Kh8 16. Nxc8 Rxc8 17. d3 Nd6 18. Qd1 Bg5 19. Qg4 Bxc1 20. Raxc1 Qa5 21. Qf4 Rcd8 22. a3 Qb6 23. b4 Qc7 24. c4 dxc4 25. dxc4 Rd7 26. Rcd1 Nc8 27. Qf5 Rdd8 28. Bd3 g6 29. Qf6+ Kg8 30. c5 Rd5 31. Bc4 Rf5 32. Qd4 b6 33. g3 a5 34. h4 axb4 35. axb4 bxc5 36. bxc5 Na7 37. Qd6 Qxd6 38. cxd6 Rd8 39. d7 Kf8 40. Rd6 Rc5 41. Re4 Nb5 1/2-1/2

[Event "FIDE Grand Swiss"]
[Site "Riga"]
[Date "2021.11.05"]
[Round "9"]
[White "Morovic Fernandez, Ivan"]
[Black "Budisavljevic, Luka"]
[Result "1/2-1/2"]
[WhiteElo "2510"]
[BlackElo "2508"]
[PlyCount "65"]
[EventDate "2021.10.27"]
[EventType "swiss"]
[EventRounds "11"]
[EventCountry "LAT"]
[SourceTitle "CBM 205"]
[Source "ChessBase"]
[SourceDate "2021.12.31"]
[SourceVersion "1"]
[SourceVersionDate "2021.12.31"]
[SourceQuality "1"]

1. e4 c5 2. Nf3 e6 3. d4 cxd4 4. Nxd4 Nc6 5. Nc3 Qc7 6. Be3 a6 7. Qf3 Bd6 8. 0-0-0 Be5 9. Nxc6 bxc6 10. Bd4 Bxd4 11. Rxd4 Nf6 12. Qg3 Qxg3 13. hxg3 d5 14. Bd3 h6 15. Re1 0-0 16. Na4 a5 17. Nb6 Ra7 18. Ra4 Nd7 19. Nxd7 Bxd7 20. Ra3 Rb8 21. Rb3 Rxb3 22. axb3 Kf8 23. Kd2 Ke7 24. exd5 cxd5 25. Ra1 Kd6 26. c3 Kc7 27. b4 Kb6 28. bxa5+ Rxa5 29. Rxa5 Kxa5 30. Ke3 e5 31. f4 f6 32. Be2 Kb6 33. fxe5 1/2-1/2

[Event "FIDE World Cup American Qual Gp6"]
[Site "Tornelo INT"]
[Date "2021.05.24"]
[Round "2.1"]
[White "Morovic Fernandez, Ivan"]
[Black "Berdayes Ason, Dylan Isidro"]
[Result "1/2-1/2"]
[WhiteElo "2510"]
[BlackElo "2445"]
[PlyCount "88"]
[EventDate "2021.05.22"]
[EventType "k.o. (rapid)"]
[EventRounds "4"]
[EventCountry "USA"]
[SourceTitle "CBM 202 Extra"]
[Source "ChessBase"]
[SourceDate "2021.07.31"]
[SourceVersion "1"]
[SourceVersionDate "2021.07.31"]
[SourceQuality "1"]

1. e4 e5 2. Nf3 Nc6 3. Bb5 a6 4. Ba4 Nf6 5. 0-0 b5 6. Bb3 Bc5 7. a4 Rb8 8. axb5 axb5 9. Nxe5 Nxe5 10. d4 Bxd4 11. Qxd4 d6 12. f4 Nc6 13. Qc3 Ne7 14. e5 Ne4 15. Qe1 Nc5 16. Ba2 0-0 17. Be3 Bf5 18. Qe2 Qd7 19. Nc3 Qc6 20. Rad1 Rfe8 21. Nd5 Be6 22. Nxe7+ Rxe7 23. exd6 cxd6 24. Bxe6 Rxe6 25. f5 Re4 26. Qf3 Rbe8 27. f6 g6 28. Bxc5 Qxc5+ 29. Qf2 Re2 30. Qxc5 dxc5 31. Rf2 h5 32. c3 c4 33. Rxe2 Rxe2 34. h4 Rxb2 35. Rd8+ Kh7 36. Rf8 Rb3 37. Rxf7+ Kg8 38. Rb7 Rxc3 39. Rxb5 Kf7 40. Rb6 Rd3 41. Rc6 Rd4 42. g3 Rd3 43. Kg2 Rc3 44. Kf2 Rc1 1/2-1/2

[Event "Kirkland PNWCC op"]
[Site "Kirkland"]
[Date "2020.01.20"]
[Round "7"]
[White "Lee, Michael"]
[Black "Morovic Fernandez, Ivan"]
[Result "0-1"]
[WhiteElo "2388"]
[BlackElo "2511"]
[PlyCount "92"]
[EventDate "2020.01.17"]
[EventType "swiss"]
[EventRounds "7"]
[EventCountry "USA"]
[SourceTitle "CBM 194 Extra"]
[Source "ChessBase"]
[SourceDate "2020.03.31"]
[SourceVersion "1"]
[SourceVersionDate "2020.03.31"]
[SourceQuality "1"]

1. d4 d5 2. c4 c6 3. Nf3 Nf6 4. e3 e6 5. b3 Nbd7 6. Be2 Bd6 7. 0-0 0-0 8. Nc3 b6 9. Qc2 Bb7 10. e4 Nxe4 11. Nxe4 dxe4 12. Qxe4 Re8 13. Bb2 Qc7 14. Bd3 f5 15. Qh4 Nf8 16. Ne5 c5 17. Rae1 cxd4 18. Bxd4 Rad8 19. Bb1 Ng6 20. Qg3 Be4 21. f4 Nxe5 22. fxe5 Bc5 23. Bxc5 Qxc5+ 24. Qf2 Qxf2+ 25. Rxf2 Bxb1 26. Rxb1 Rd4 27. Re2 Kf7 28. Kf2 g5 29. Rbb2 Kg6 30. Rbd2 Red8 31. Rxd4 Rxd4 32. a4 f4 33. a5 Kf5 34. Rc2 Kxe5 35. c5 bxc5 36. Rxc5+ Rd5 37. Rc7 Rxa5 38. Rxh7 Ke4 39. h3 Ra2+ 40. Kg1 e5 41. Rf7 Ke3 42. Rf5 Ra1+ 43. Kh2 e4 44. Rxg5 f3 45. gxf3 exf3 46. Re5+ Kf4 0-1

[Event "Kirkland PNWCC op"]
[Site "Kirkland"]
[Date "2020.01.19"]
[Round "4"]
[White "Morovic Fernandez, Ivan"]
[Black "Tarjan, James Edward"]
[Result "1/2-1/2"]
[WhiteElo "2511"]
[BlackElo "2373"]
[PlyCount "82"]
[EventDate "2020.01.17"]
[EventType "swiss"]
[EventRounds "7"]
[EventCountry "USA"]
[SourceTitle "CBM 194 Extra"]
[Source "ChessBase"]
[SourceDate "2020.03.31"]
[SourceVersion "1"]
[SourceVersionDate "2020.03.31"]
[SourceQuality "1"]

1. Nf3 Nf6 2. c4 e6 3. g3 d5 4. Bg2 Be7 5. 0-0 0-0 6. b3 b6 7. Bb2 Bb7 8. e3 Nbd7 9. Nc3 c5 10. Qe2 Re8 11. Rfd1 Qc7 12. Rac1 Rad8 13. cxd5 Nxd5 14. Nxd5 Bxd5 15. e4 Bb7 16. d4 Qb8 17. dxc5 Nxc5 18. Nd4 Rc8 19. b4 Na4 20. Ba1 Rxc1 21. Rxc1 Rc8 22. Qd1 Rxc1 23. Qxc1 a6 24. Nc6 Qc7 25. Nxe7+ Qxe7 26. Qd2 f6 27. e5 Bxg2 28. exf6 gxf6 29. Kxg2 b5 30. Qh6 e5 31. f4 Qb7+ 32. Kh3 Qh1 33. Bxe5 Qf1+ 34. Kh4 fxe5 35. Qe6+ Kf8 36. Qf6+ Kg8 37. Qe6+ Kf8 38. Qxe5 Qc4 39. Qh8+ Qg8 40. Qf6+ Qf7 41. Qxa6 Qe7+ 1/2-1/2